Health Care Models and Their Effectiveness

Faktory, ktoré na jednej strane ovplyvňujú a na druhej strane vyjadrujú zdravotný stav obyvateľstva, tej ktorej krajiny prostredníctvom jednotlivých ukazovateľov. Zdravotné systémy versus zdravotný stav obyvateľstva. Krajiny OECD podľa modelov zdravotnej starostlivosti. Meranie zdravotného stavu oby...

Full description

Saved in:
Bibliographic Details
Main Author: Pobudová, Daniela, 1982-
Format: Book Chapter
Language:Slovak
Subjects:
Tags: Add Tag
No Tags, Be the first to tag this record!

MARC

LEADER 00000naa$a2200000$$$4500
001 0260673
005 20240710081719.6
041 0 |a slo 
044 |a CZ 
245 1 0 |a Health Care Models and Their Effectiveness  |c Daniela Pobudová 
520 |a Faktory, ktoré na jednej strane ovplyvňujú a na druhej strane vyjadrujú zdravotný stav obyvateľstva, tej ktorej krajiny prostredníctvom jednotlivých ukazovateľov. Zdravotné systémy versus zdravotný stav obyvateľstva. Krajiny OECD podľa modelov zdravotnej starostlivosti. Meranie zdravotného stavu obyvateľstva prostredníctvom očakávanej dĺžky života. Výdavky na zdravotníctvo. 
610 2 0 |a zdravotníctvo 
610 2 0 |a politika zdravotná 
610 2 0 |a starostlivosť o zdravie 
610 2 0 |a obyvateľstvo 
610 2 0 |a poistenie zdravotné 
610 2 0 |a modely 
610 2 0 |a financovanie 
610 2 0 |a porovnanie štatistické medzinárodné 
100 1 |a Pobudová, Daniela, 1982-